Southville International School and Colleges
Your cart is empty.
  • Cart
  • Lists
    Public lists Eva Luna New books Lux_list list_1
    Your lists Log in to create your own lists
  • Log in to your account
  • Your cookies
  • Search history
Southville International School and Colleges
  • Advanced search
  • Recent comments
  • Most popular
  • Libraries

Log in to your account

Log in with GOOGLE


If you do not have an external account, but do have a local account, you can still log in:

  1. Home
  2. MARC view: Mathematics of investment :
Normal view MARC view ISBD view

Mathematics of investment : (Record no. 295591)

[ view plain ]
MARC details
000 -LEADER
fixed length control field 00700nam a22002177a 4500
003 - CONTROL NUMBER IDENTIFIER
control field SISC
005 - DATE AND TIME OF LATEST TRANSACTION
control field 20160606092138.0
008 - FIXED-LENGTH DATA ELEMENTS--GENERAL INFORMATION
fixed length control field 130228t xxu||||| |||| 00| 0 eng d
020 ## - INTERNATIONAL STANDARD BOOK NUMBER
International Standard Book Number 9789712361685
050 ## - LIBRARY OF CONGRESS CALL NUMBER
Classification number HF 5691
Item number .C164 2012
082 ## - DEWEY DECIMAL CLASSIFICATION NUMBER
Classification number FIL 332.82
Item number Y8 2000
100 ## - MAIN ENTRY--PERSONAL NAME
Personal name Calmorin, Laurentina Paler.
245 ## - TITLE STATEMENT
Title Mathematics of investment :
Remainder of title with computer application /
Statement of responsibility, etc Laurentina Paler-Calmorin, Helen A. Malubay, Marylilibeth Paler-Deloso.
260 ## - PUBLICATION, DISTRIBUTION, ETC. (IMPRINT)
Place of publication, distribution, etc Manila :
Name of publisher, distributor, etc Rex Book Store,
Date of publication, distribution, etc 2012.
300 ## - PHYSICAL DESCRIPTION
Extent ix, 301 pages ;
Dimensions 26 cm.
500 ## - GENERAL NOTE
General note Includes bibliographical references and index.
526 ## - STUDY PROGRAM INFORMATION NOTE
Reading level 1210L-1700L
562 ## - COPY AND VERSION IDENTIFICATION NOTE
Number of copies 1
942 ## - ADDED ENTRY ELEMENTS (KOHA)
Source of classification or shelving scheme Library of Congress Classification
Koha item type Books
Call number prefix Filipininana
Holdings
Withdrawn status Lost status Source of classification or shelving scheme Damaged status Home library Current library Shelving location Date acquired Source of acquisition Cost, normal purchase price Sub Shelving location Total Checkouts Full call number Barcode Date last seen Date checked out Price effective from Koha item type
    Library of Congress Classification   College Library College Library Filipiniana Section 06/06/2016 Library Fund 517.00   1 HF 5691 .C164 2012 C20588 07/06/2022 03/28/2022 06/06/2016 Books

Mathematics of investment :

APA

Calmorin L. P., . (2012). Mathematics of investment. Manila: Rex Book Store.

Chicago

Calmorin Laurentina Paler, . 2012. Mathematics of investment. Manila: Rex Book Store.

Harvard

Calmorin L. P., . (2012). Mathematics of investment. Manila: Rex Book Store.

MLA

Calmorin Laurentina Paler, . Mathematics of investment. Manila: Rex Book Store. 2012.

  • Place hold
  • Print
  • Cite
  • Add to your cart (remove)
  • Save record
    BIBTEX Dublin Core MARCXML MARC (non-Unicode/MARC-8) MARC (Unicode/UTF-8) MARC (Unicode/UTF-8, Standard) MODS (XML) RIS
  • More searches
    Search for this title in:
    Other Libraries (WorldCat) Other Databases (Google Scholar) Online Stores (Bookfinder.com) Open Library (openlibrary.org)

Exporting to Dublin Core...

SOUTHVILLE LIBRARY

Southville International School and Colleges Library

1281 Tropical Ave. Cor. Luxembourg St., BF Homes International, Las Pinas City

Tel. No. 8256374 / 252358 Loc. 117/146

Powered by Koha